000 00930nam a22002537a 4500
999 _c21538
_d21538
003 AR-CdUCM
008 190311b ||||| |||| 00| 0 spa d
020 _a9786123173753
040 _aMUNICIPALIDAD PROVINCIAL DEL CUSCO
_cBIBLIOTECA MUNICIPAL DEL CUSCO
082 _a303.625/G21
_bG21
245 _aGénero y conflicto armado interno en el Perú :
_btestimonio y memoria /
_cMercedes Crisóstomo Meza, editora
260 _aLima :
_bPontificia Universidad Católica del Perú,
_c2018.
300 _a209 páginas. :
_bilustraciones ;
_c21 cm.
500 _zIncluye bibliografías
650 _aViolencia política
_97220
650 _aMujeres
_93760
650 _aMujeres maltratadas
_916428
650 _aMujeres indígenas
_911046
650 _aPerú
_945289
700 _aCrisóstomo Meza, Mercedes (editora)
_945290
710 _aPontificia Universidad Católica del Perú
_9400
942 _2ddc
_cLIBROS
945 _aRoel